ロード中...
| LEADER | 00625nam a2200193 a 4500 | ||
|---|---|---|---|
| 005 | 20151215124735.0 | ||
| 008 | 960221s1955 dcuabcdjdbkoqu001 0deng d | ||
| 003 | ViArRB | ||
| 082 | |a X:51 |b K510;1 | ||
| 100 | |a Goldmann, Heinz M. |9 7796 | ||
| 245 | |a How to win customers | ||
| 300 | |c | ||
| 653 | |a | ||
| 942 | |c BK |6 _ | ||
| 260 | |c 1965 | ||
| 500 | |a X:51 K510 | ||
| 999 | |c 90894 |d 90894 | ||
| 952 | |0 0 |1 5 |2 ddc |4 0 |6 X51_K510 |7 0 |9 114019 |a SMS |b SMS |c GEN |d 0000-00-00 |o X:51 K510 |p SMS003027 |r 2009-08-21 |w 2009-08-21 |y WR | ||
| 952 | |0 0 |1 5 |2 ddc |4 0 |6 X51_K5101 |7 0 |9 114020 |a SMS |b SMS |c GEN |d 2009-11-07 |o X:51 K510;1 |p SMS008685 |r 2009-11-07 |w 2009-11-07 |y WR | ||